[Event "European Cities & Towns Chess Championship - Youth"]
[Site "Central Europe"]
[Date "2023.01.29"]
[Round "8.4.3"]
[White "Codru, Raul Cristian"]
[Black "Kartashov, Nikita"]
[Result "0-1"]
[WhiteElo "1344"]
[BlackElo "1000"]
[BlackCountry "SI"]
[BlackFideId "14655454"]
[BlackTeam "Ljubljana U12"]
[WhiteCountry "RO"]
[WhiteFideId "42203996"]
[WhiteTeam "Ia?i - Region"]

1. d4 d5 2. c4 e6 3. Nc3 Nf6 4. Bf4 Nc6 5. e3 Bb4 6. Nf3 Bxc3+ 7. bxc3 Bd7
8. Be2 O-O 9. O-O h6 10. c5 a6 11. Rb1 b6 12. cxb6 cxb6 13. Ne5 b5 14. 
Nxc6 Bxc6 15. Bf3 a5 16. Be2 b4 17. cxb4 axb4 18. Rxb4 Rxa2 19. Bf3 Qe7 
20. Qb3 Ra7 21. Rc1 Ba8 22. h3 g5 23. Bh2 h5 24. Rb5 g4 25. hxg4 hxg4 26. 
Be2 Ra3 27. Qb4 Qxb4 28. Rxb4 Bc6 29. Rxc6 Ra1+ 30. Bf1 Ne4 31. Rc2 Rd1 
32. Rbb2 Kg7 33. Bf4 Kg6 34. f3 Nf6 35. Rd2 Ra1 36. fxg4 Nxg4 37. g3 Rh8 
38. Ra2 Rc1 39. Re2 Rcc8 40. Rec2 Rcg8 41. Be5 Rh7 42. Bf4 Rgh8 43. Bd3+ 
f5 44. Kf1 Rh1+ 45. Ke2 R8h2+ 46. Kf3 Rf1+ 47. Rf2 Rfxf2+ 48. Rxf2 Rxf2# 
0-1

[Event "European Cities & Towns Chess Championship - Youth"]
[Site "Central Europe"]
[Date "2023.01.29"]
[Round "8.4.4"]
[White "Kovacic, Jakob"]
[Black "Minescu, Leon"]
[Result "1-0"]
[WhiteElo "1000"]
[BlackElo "1317"]
[BlackCountry "RO"]
[BlackFideId "1294148"]
[BlackTeam "Ia?i - Region"]
[WhiteCountry "SI"]
[WhiteFideId "14645645"]
[WhiteTeam "Ljubljana U12"]

1. e4 c5 2. Nf3 d6 3. d4 cxd4 4. Nxd4 Nf6 5. Nc3 a6 6. Nf3 Nc6 7. Bd3 e6 
8. O-O Be7 9. Re1 O-O 10. Be3 Bd7 11. Ne2 Rc8 12. Ned4 e5 13. Nxc6 Bxc6 
14. Bg5 h6 15. Bh4 Re8 16. Nd2 b5 17. a4 Qb6 18. axb5 Bxb5 19. Bxb5 Qxb5 
20. Bxf6 Bxf6 21. b3 Qc6 22. Nc4 Red8 23. Qd3 Ra8 24. Ra5 Rd7 25. Rd1 Bd8 
26. Rd5 Bc7 27. Nxe5 dxe5 28. Rxd7 Bb6 29. c4 Qc5 30. Qd2 a5 31. Rd5 Qc7 
32. b4 axb4 33. Qxb4 Ba5 34. Qc5 Qxc5 35. Rxc5 Bc3 36. g3 Bd4 37. Rd5 Rc8 
38. Rc1 Bb2 39. Rc2 Bd4 40. Kg2 Kf8 41. c5 Ke7 42. c6 Ke6 43. Rd7 Rxc6 44.
 Rxc6+ Kxd7 45. Rc2 g6 46. f4 f6 47. fxe5 fxe5 48. g4 Ke6 49. Rc6+ Kf7 50.
 h4 Kg7 51. h5 gxh5 52. gxh5 Be3 53. Rg6+ Kh7 54. Kf3 Bf4 55. Kg4 Kh8 56. 
Kf5 Kh7 57. Re6 Kg7 58. Rxe5 Bxe5 59. Kxe5 Kf7 60. Kd6 Kf6 61. e5+ Kg5 62.
 e6 Kxh5 63. e7 Kg4 64. e8=Q h5 65. Qe1 h4 66. Qh1 h3 67. Ke5 Kg3 68. Kf5 
h2 69. Kg5 Kh3 70. Kf4 Kh4 71. Qxh2# 1-0

[Event "European Cities & Towns Chess Championship - Youth"]
[Site "Central Europe"]
[Date "2023.01.29"]
[Round "8.5.1"]
[White "Tamiolakis, Grigorios"]
[Black "Sahin, Sarp"]
[Result "0-1"]
[WhiteElo "1226"]
[BlackElo "1841"]
[BlackCountry "TR"]
[BlackFideId "51605066"]
[BlackTeam "Ankara"]
[WhiteCountry "GR"]
[WhiteFideId "42143799"]
[WhiteTeam "Heraklion"]

1. e4 c6 2. d4 d5 3. exd5 cxd5 4. Bd3 Nc6 5. c3 Nf6 6. h3 g6 7. Nf3 Bg7 8.
 O-O O-O 9. Bf4 Bf5 10. Bxf5 gxf5 11. Nbd2 e6 12. Ne1 Ne4 13. f3 Nxd2 14. 
Qxd2 Kh8 15. Bh6 Rg8 16. Nd3 Qf6 17. Bg5 Qg6 18. Be3 Bf8 19. Bf4 Be7 20. 
Ne5 Nxe5 21. Bxe5+ Bf6 22. Bxf6+ Qxf6 23. f4 Rg3 24. Rae1 Rag8 25. Re3 
R3g7 26. Rff3 b5 27. Qf2 Qg6 28. Rg3 Qxg3 29. Rxg3 Rxg3 30. Kh2 Rxg2+ 31. 
Qxg2 Rxg2+ 32. Kxg2 Kg7 33. Kg3 f6 34. b4 Kf7 35. Kh4 Ke7 36. Kh5 Kd6 37. 
Kh6 e5 38. dxe5+ fxe5 39. fxe5+ Kxe5 40. Kxh7 f4 41. h4 f3 42. h5 f2 43. 
h6 f1=Q 44. Kg7 Qf6+ 45. Kh7 Qf7+ 46. Kh8 Kf6 47. c4 Kg6 48. cxd5 Qh7# 0-1

[Event "European Cities & Towns Chess Championship - Youth"]
[Site "Central Europe"]
[Date "2023.01.29"]
[Round "8.5.2"]
[White "Yilmaz, Baver"]
[Black "Anastasaki, Georgia"]
[Result "1-0"]
[WhiteElo "1779"]
[BlackElo "1000"]
[BlackCountry "GR"]
[BlackFideId "42112419"]
[BlackTeam "Heraklion"]
[WhiteCountry "TR"]
[WhiteFideId "26363542"]
[WhiteTeam "Ankara"]

1. e4 e5 2. Nf3 Nc6 3. Bb5 d6 4. d4 exd4 5. Nxd4 Bd7 6. O-O Nxd4 7. Bxd7+ 
Qxd7 8. Qxd4 Be7 9. Qxg7 Bf6 10. Qg3 O-O-O 11. Nc3 Bxc3 12. Qxc3 Ne7 13. 
Be3 Nc6 14. b4 a6 15. a4 Rhg8 16. Bf4 f6 17. b5 axb5 18. axb5 Nb8 19. b6 
Qc6 20. Qxc6 bxc6 21. bxc7 Kxc7 22. Ra7+ Kc8 23. Rb1 Rd7 24. Rxb8+ Kxb8 
25. Rxd7 Rc8 26. Bxd6+ Ka8 27. h4 c5 28. Rc7 Rxc7 29. Bxc7 c4 30. f4 Kb7 
31. Bd6 Kc6 32. e5 fxe5 33. fxe5 Kd5 34. c3 Ke4 35. e6 Kd3 36. e7 Kxc3 37.
 e8=Q Kb2 38. Qe5+ c3 39. Bb4 Ka2 40. Qxc3 h5 41. Ba3 Kb1 42. Qb2# 1-0

[Event "European Cities & Towns Chess Championship - Youth"]
[Site "Central Europe"]
[Date "2023.01.29"]
[Round "8.5.3"]
[White "Chatzisavvas, Nikolaos"]
[Black "Celebi, Mehmet Alper"]
[Result "0-1"]
[WhiteElo "1000"]
[BlackElo "1614"]
[BlackCountry "TR"]
[BlackFideId "51603934"]
[BlackTeam "Ankara"]
[WhiteCountry "GR"]
[WhiteFideId "42124247"]
[WhiteTeam "Heraklion"]

1. e4 c5 2. f4 e6 3. Nf3 Nc6 4. Bc4 Nf6 5. Nc3 d5 6. exd5 exd5 7. Qe2+ Be7
8. Bb5 O-O 9. d3 Bd7 10. Be3 d4 11. Bd2 dxc3 12. Bxc3 Nd4 13. Nxd4 cxd4 
14. Bxd4 Bxb5 15. O-O-O Qxd4 16. Qf3 Rac8 17. c3 Ba4 18. Rde1 Rxc3+ 19. 
Kb1 Ba3 20. bxa3 Rc2 0-1

[Event "European Cities & Towns Chess Championship - Youth"]
[Site "Central Europe"]
[Date "2023.01.29"]
[Round "8.5.4"]
[White "Ozugur, Bartu Okan"]
[Black "Kilaidakis, Ioannis"]
[Result "1-0"]
[WhiteElo "1177"]
[BlackElo "1000"]
[BlackCountry "GR"]
[BlackFideId "42133564"]
[BlackTeam "Heraklion"]
[WhiteCountry "TR"]
[WhiteFideId "26321289"]
[WhiteTeam "Ankara"]

1. e4 e5 2. Nf3 Nc6 3. Bb5 a6 4. Ba4 Nf6 5. d3 b5 6. Bb3 d6 7. Ng5 d5 8. 
exd5 Na5 9. d6 Nxb3 10. dxc7 Qxc7 11. axb3 Bb7 12. O-O Bc5 13. Nf3 O-O 14.
 h3 Rfd8 15. Qe2 e4 16. dxe4 Bxe4 17. Nc3 Bb7 18. Bg5 Re8 19. Qd3 Rad8 20.
 Qf5 Be7 21. Rfe1 h6 22. Bxf6 Bxf6 23. Rxe8+ Rxe8 24. Qd3 Rd8 25. Qe3 Bd4 
26. Nxd4 b4 27. Na4 Qd6 28. Nf3 Qg6 29. Rc1 Rd6 30. Nc5 Bc6 31. c3 Rf6 32.
 Kh1 Qh5 33. Ne5 Ba8 34. Ng4 Bc6 35. Nxf6+ gxf6 36. Ne4 Qe5 37. Qg3+ Kf8 
38. Qxe5 fxe5 39. Ng3 Kg7 40. cxb4 Bb5 41. Rc5 f6 42. Ne4 Kg6 43. Nd6 Bd3 
44. b5 axb5 45. Nxb5 Kg5 46. Nc3 Kf4 47. b4 e4 48. b5 e3 49. fxe3+ Kxe3 
50. b6 Ba6 51. Rc7 f5 52. b7 Bxb7 53. Rxb7 f4 54. Nd5+ Ke4 55. Nxf4 Kxf4 
56. Re7 h5 57. b4 h4 58. b5 Kg3 59. b6 Kf2 60. b7 Kg3 61. b8=R Kf4 62. 
Rf8+ Kg5 63. Rg7+ Kh6 64. Rg4 Kh7 65. Rxh4+ Kg7 66. Rhf4 Kg6 67. Rg8+ Kh5 
68. Rg3 Kh6 69. Rh4# 1-0

[Event "European Cities & Towns Chess Championship - Youth"]
[Site "Central Europe"]
[Date "2023.01.29"]
[Round "8.6.1"]
[White "Tzimas, Konstantinos"]
[Black "Borodich, Miroslav"]
[Result "1-0"]
[WhiteElo "1275"]
[BlackElo "1326"]
[BlackCountry "CY"]
[BlackFideId "5906571"]
[BlackTeam "Nicosia"]
[WhiteCountry "GR"]
[WhiteFideId "42123828"]
[WhiteTeam "Ioannina"]

1. e4 c5 2. Nf3 Nc6 3. d4 cxd4 4. Nxd4 Nf6 5. Nc3 e5 6. Ndb5 d6 7. Nd5 
Nxd5 8. exd5 Nb8 9. Be3 a6 10. Nc3 Be7 11. Qh5 Nd7 12. Bd3 Nf6 13. Qe2 O-O
14. f3 b5 15. O-O b4 16. Na4 Nxd5 17. Be4 Nxe3 18. Qxe3 d5 19. Rad1 d4 20.
 Qb3 Be6 21. Qd3 Rc8 22. Qxa6 Bc4 23. Qb6 Bxf1 24. Kxf1 Qxb6 25. Nxb6 Rcd8
26. Ke2 Bc5 27. Nc4 f5 28. Bd3 e4 29. fxe4 fxe4 30. Bxe4 d3+ 31. cxd3 Rf2+
32. Ke1 Rdf8 33. h3 Rf1+ 34. Kd2 R8f2+ 35. Kc1 Be3+ 36. Nxe3 Rxd1+ 37. 
Nxd1 Rf6 38. a3 bxa3 39. bxa3 Ra6 40. Kb2 Rb6+ 41. Ka2 g6 42. Nc3 Kf7 43. 
a4 Ke6 44. Nd5 Rb8 45. d4 Kf7 46. Ka3 Ke6 47. a5 Kd6 48. Ka4 Re8 49. Nc3 
Rc8 50. Kb4 Rb8+ 51. Nb5+ Kd7 52. a6 Re8 53. a7 Rxe4 54. a8=Q Re3 55. Qd5+
Ke7 56. Qg5+ Kd7 57. Qxe3 1-0

[Event "European Cities & Towns Chess Championship - Youth"]
[Site "Central Europe"]
[Date "2023.01.29"]
[Round "8.6.2"]
[White "Bannoura, Daniel"]
[Black "Tzima, Anthia"]
[Result "1-0"]
[WhiteElo "1000"]
[BlackElo "1116"]
[BlackCountry "GR"]
[BlackFideId "42124042"]
[BlackTeam "Ioannina"]
[WhiteCountry "CY"]
[WhiteFideId "5909546"]
[WhiteTeam "Nicosia"]

1. e4 e5 2. Nf3 Nc6 3. Bb5 a6 4. Ba4 Nf6 5. Nc3 b5 6. Bb3 Bc5 7. d3 d6 8. 
Be3 Nd4 9. Ng5 O-O 10. Bxd4 Bxd4 11. Bd5 Bxc3+ 12. bxc3 Nxd5 13. exd5 Qxg5
14. Qf3 Bg4 15. Qg3 Qg6 16. f3 Bd7 17. O-O-O Qxg3 18. hxg3 c6 19. dxc6 
Bxc6 20. g4 a5 21. Rh3 b4 22. c4 d5 23. Rdh1 h6 24. g5 Bd7 25. Rh4 f6 26. 
gxh6 gxh6 27. Rxh6 Kf7 28. Rh7+ Ke8 29. Rg7 dxc4 30. Rhh7 Ra7 31. dxc4 Kd8
32. c5 Kc8 33. c6 Rd8 34. cxd7+ Raxd7 35. Rxd7 Rxd7 36. Rh6 Rd6 37. Kb2 
Kd7 38. g4 a4 39. a3 bxa3+ 40. Kxa3 Ra6 41. g5 Ke7 42. Rh7+ Ke6 43. gxf6 
1-0

[Event "European Cities & Towns Chess Championship - Youth"]
[Site "Central Europe"]
[Date "2023.01.29"]
[Round "8.6.3"]
[White "Paterakis, Panagiotis Emm"]
[Black "Stavrou, Christoforos"]
[Result "0-1"]
[WhiteElo "1070"]
[BlackElo "1000"]
[BlackTeam "Nicosia"]
[WhiteCountry "GR"]
[WhiteFideId "25894900"]
[WhiteTeam "Ioannina"]

1. d4 e5 2. dxe5 Nc6 3. Nf3 Qe7 4. Bf4 Qb4+ 5. Bd2 Qxb2 6. Bc3 Bb4 7. Bxb4
Qxa1 8. Nc3 Qxd1+ 9. Kxd1 Nxb4 10. e3 d6 11. exd6 cxd6 12. Bc4 Bg4 13. Kd2
Bxf3 14. gxf3 Nf6 15. Rg1 O-O 16. a3 Nc6 17. Nb5 d5 18. Bb3 Rfd8 19. Kd3 
a6 20. Nc3 d4 21. exd4 Nxd4 22. Ke3 Nxb3 23. cxb3 Re8+ 24. Kd2 Rad8+ 25. 
Kc2 Nd5 26. Ne4 f5 27. Nd2 Rc8+ 28. Kb1 Nc3+ 29. Kb2 Ne2 30. Re1 Rcd8 31. 
Nc4 b5 32. Ne3 f4 33. Ng4 Rd2+ 34. Kb1 Nc3+ 35. Kc1 Rxe1+ 36. Kxd2 Ra1 37.
 Kxc3 Rxa3 38. Ne5 Ra2 39. Ng4 h5 40. Ne5 Rxf2 41. Nd3 Rxf3 42. Kd4 Rh3 
43. Nxf4 Rxh2 44. b4 h4 45. Kc5 Rf2 46. Nh3 Rf3 47. Ng5 Rf5+ 48. Kb6 Rxg5 
49. Kxa6 h3 50. Kb6 h2 51. Kc6 h1=Q+ 52. Kb6 Qh6+ 53. Kc7 Rf5 54. Kd7 Qd2+
55. Ke6 Qd5+ 56. Ke7 Rf7+ 57. Ke8 Qd7# 0-1

[Event "European Cities & Towns Chess Championship - Youth"]
[Site "Central Europe"]
[Date "2023.01.29"]
[Round "8.6.4"]
[White "Stylianou, Achilleas"]
[Black "Georgios, Basios"]
[Result "1-0"]
[WhiteElo "1000"]
[BlackElo "1000"]
[BlackTeam "Ioannina"]
[WhiteTeam "Nicosia"]

1. e4 e5 2. Nf3 Nc6 3. Bc4 Nf6 4. Ng5 d5 5. exd5 Nxd5 6. Qh5 g6 7. Qf3 
Qxg5 8. Bxd5 f6 9. O-O Nd4 10. Qc3 a5 11. d3 Bb4 12. Qc5 b6 13. Qc4 Ba6 
14. Bf7+ Kf8 15. Qxc7 Rc8 16. Qxc8+ Kg7 17. Qc7 Rc8 18. Qd7 b5 19. Bxg5 
Bc5 20. Qxc8 Bxc8 21. Bd5 fxg5 22. Re1 Nxc2 23. Rxe5 Nxa1 24. Rxg5 h6 25. 
Re5 Bd6 26. Re8 Bd7 27. Rd8 Bf5 28. Rxd6 Bxd3 29. Rd7+ Kf6 30. Rd6+ Ke5 
31. Rd8 Bxb1 32. Bc6 b4 33. a3 b3 34. Re8+ Kd4 35. Re1 Kc5 36. Ba8 Bf5 37.
 Rxa1 Kb6 38. Bd5 Kc5 39. Bxb3 Kd4 40. Rd1+ Kc5 41. Rd5+ Kc6 42. Rxa5 Kb6 
43. Re5 Kc6 44. Re1 Kb5 45. Bd1 Kc4 46. b3+ Kc3 47. a4 Kd2 48. Rf1 Be6 49.
 a5 Bc8 50. f4 Ke3 51. Rf3+ Kd2 52. f5 gxf5 53. Rf1 h5 54. b4 Ba6 55. Rxf5
Kxd1 56. b5 Bc8 57. a6 Bxf5 58. b6 Be4 59. b7 Ke1 60. b8=Q Bd3 61. a7 Be4 
62. Qe8 h4 63. a8=Q Ke2 64. Qexe4+ Kd2 65. Qd8+ Kc1 66. Qc4+ Kb1 67. Qb8+ 
Ka1 68. Qa4# 1-0

[Event "European Cities & Towns Chess Championship - Youth"]
[Site "Central Europe"]
[Date "2023.01.29"]
[Round "9.1.1"]
[White "Beber, Anja"]
[Black "Kuru, Atilla"]
[Result "1-0"]
[WhiteElo "1591"]
[BlackElo "2054"]
[BlackCountry "TR"]
[BlackFideId "51607948"]
[BlackTeam "Istanbul"]
[WhiteCountry "SI"]
[WhiteFideId "14642255"]
[WhiteTeam "Ljubljana U12"]

1. e4 e6 2. d4 d5 3. exd5 exd5 4. Bd3 Bd6 5. c3 Ne7 6. Be3 Nbc6 7. Nd2 Bf5
8. Bc2 Qd7 9. Ngf3 h6 10. h3 O-O 11. O-O Ng6 12. Bxf5 Qxf5 13. Nb3 Nf4 14.
 Bxf4 Bxf4 15. Nc5 Rfe8 16. Rb1 b6 17. Nd3 Bd6 18. Qd2 Re4 19. Rfe1 Rae8 
20. Rbd1 Na5 21. b3 Nc6 22. Re3 Rxe3 23. fxe3 Ne7 24. Rf1 Qe6 25. Nde5 f6 
26. Ng4 Nf5 27. Re1 Bg3 28. Re2 h5 29. Nf2 Bf4 30. Qd3 Bxe3 31. c4 c6 32. 
a4 a5 33. Qc2 Qd7 34. Qd3 Kf7 35. Qc2 Nxd4 36. Nxd4 Bxd4 37. Rxe8 Qxe8 38.
 Qd1 g6 39. Qxd4 dxc4 40. Qxc4+ Kg7 41. Qe4 Qf7 42. Qf3 Qe6 43. Ne4 Qe5 
44. Nd2 Qd4+ 45. Qf2 Qa1+ 46. Kh2 Qe5+ 47. Qg3 Qc5 48. Nc4 g5 49. Qc7+ Kg6
50. Qxb6 Qf5 51. Qe3 h4 52. Nd2 Qd5 53. Qe4+ f5 54. Qxd5 cxd5 55. Nf3 Kf6 
56. Nd4 Ke5 57. Nc6+ Kd6 58. Nxa5 Kc5 59. Kg1 d4 60. Kf1 g4 61. hxg4 fxg4 
62. b4+ Kxb4 63. Nc6+ Kc5 64. Ne5 h3 65. g3 Kb4 66. Nxg4 Kxa4 67. Nf2 Kb3 
68. Kg1 Kc3 69. Kh2 d3 70. Nxd3 Kxd3 71. Kxh3 Ke4 72. Kg4 Ke5 73. Kg5 Ke6 
74. Kg6 Ke7 75. Kg7 Ke8 76. g4 Ke7 77. g5 Ke8 78. g6 Ke7 79. Kh7 1-0

[Event "European Cities & Towns Chess Championship - Youth"]
[Site "Central Europe"]
[Date "2023.01.29"]
[Round "9.1.2"]
[White "Uzdemir, Ali Poyraz"]
[Black "Kartashov, Maksim"]
[Result "1-0"]
[WhiteElo "1638"]
[BlackElo "1000"]
[BlackCountry "SI"]
[BlackFideId "14655446"]
[BlackTeam "Ljubljana U12"]
[WhiteCountry "TR"]
[WhiteFideId "51619733"]
[WhiteTeam "Istanbul"]

1. e4 e5 2. Nf3 Nc6 3. Nc3 Nf6 4. d4 exd4 5. Nxd4 Bc5 6. Be3 d6 7. Nxc6 
bxc6 8. Bxc5 dxc5 9. Qxd8+ Kxd8 10. O-O-O+ Ke8 11. g3 Be6 12. Bg2 Rb8 13. 
e5 Ng4 14. Bxc6+ Kf8 15. Ne4 Bxa2 16. Nxc5 Nxf2 17. Nd7+ Ke7 18. Nxb8 Nxh1
19. Bxh1 Rxb8 20. b3 c5 21. Kb2 f5 22. Kxa2 Rb5 23. Rd5 Ra5+ 24. Kb2 f4 
25. gxf4 Ke6 26. b4 Ra4 27. bxc5 Rxf4 28. c6 Rf1 29. c7 Rxh1 30. c8=Q+ 
Kxd5 31. Qb7+ Kxe5 32. Qxh1 a5 33. Qa1 g5 34. Qxa5+ Kf6 35. c4 h5 36. c5 
g4 37. c6 h4 38. c7 g3 39. c8=Q gxh2 40. Qaf5+ Kg7 41. Qcf8# 1-0

[Event "European Cities & Towns Chess Championship - Youth"]
[Site "Central Europe"]
[Date "2023.01.29"]
[Round "9.1.3"]
[White "Kartashov, Nikita"]
[Black "Akkara, Omer"]
[Result "0-1"]
[WhiteElo "1000"]
[BlackElo "1443"]
[BlackCountry "TR"]
[BlackFideId "26319802"]
[BlackTeam "Istanbul"]
[Termination "time forfeit"]
[WhiteCountry "SI"]
[WhiteFideId "14655454"]
[WhiteTeam "Ljubljana U12"]

1. e4 e5 2. Nf3 Nc6 3. Nc3 Nf6 4. d4 exd4 5. Nxd4 Nxd4 6. Qxd4 d6 7. Bg5 
Be7 8. Bd3 h6 9. Bh4 O-O 10. O-O Nd7 11. Bg3 Bf6 12. Qe3 Re8 13. Qf3 Bxc3 
14. bxc3 Ne5 15. Qf4 b6 16. Be2 Bb7 17. Qe3 Ng6 18. f3 f5 19. Bc4+ d5 20. 
Bb5 c6 21. Bd3 fxe4 22. fxe4 dxe4 23. Bc4+ Kh7 24. Bf7 c5 25. Bxe8 Qxe8 
26. Rad1 Qe7 27. Bd6 Qe6 28. Bg3 Re8 29. Rd6 Qc4 30. Rd7 Re7 31. Rfd1 Ba6 
32. Rxe7 Nxe7 33. Be5 Nf5 34. Qh3 g6 35. Rd7+ Kg8 36. g4 Nh4 37. Rd8+ Kf7 
38. Rd1 Nf3+ 39. Kh1 Nxe5 40. Qxh6 Ke7 41. Qg5+ Ke6 42. Qf4 Qe2 0-1

[Event "European Cities & Towns Chess Championship - Youth"]
[Site "Central Europe"]
[Date "2023.01.29"]
[Round "9.1.4"]
[White "Sahin, Zeynep Duru"]
[Black "Kovacic, Jakob"]
[Result "1-0"]
[WhiteElo "1385"]
[BlackElo "1000"]
[BlackCountry "SI"]
[BlackFideId "14645645"]
[BlackTeam "Ljubljana U12"]
[WhiteCountry "TR"]
[WhiteFideId "51606550"]
[WhiteTeam "Istanbul"]

1. e4 e5 2. Nf3 Nc6 3. Bc4 Be7 4. c3 Nf6 5. d3 O-O 6. O-O d6 7. h3 h6 8. 
Nbd2 Re8 9. Re1 Be6 10. Bb3 Bf8 11. Nf1 a6 12. Ng3 Bxb3 13. Qxb3 Rb8 14. 
Nh4 Ne7 15. Nhf5 Nxf5 16. Nxf5 Nh7 17. Qd1 d5 18. Qg4 dxe4 19. Nxh6+ Kh8 
20. Nxf7+ Kg8 21. Nxd8 exd3 22. Ne6 Nf6 23. Qf5 d2 24. Bxd2 1-0

[Event "European Cities & Towns Chess Championship - Youth"]
[Site "Central Europe"]
[Date "2023.01.29"]
[Round "9.2.1"]
[White "Siskou, Evangelia"]
[Black "Gales, Randi-Ioan"]
[Result "1/2-1/2"]
[WhiteElo "1502"]
[BlackElo "1911"]
[BlackCountry "RO"]
[BlackFideId "1285360"]
[BlackTeam "CSM Galati"]
[WhiteCountry "GR"]
[WhiteFideId "42113938"]
[WhiteTeam "Thessaloniki"]

1. e4 c5 2. Nf3 Nc6 3. Bb5 e6 4. Bxc6 bxc6 5. O-O Ne7 6. d3 Ng6 7. Be3 e5 
8. Nc3 d6 9. h3 Be7 10. Nh2 O-O 11. Qd2 f5 12. f3 f4 13. Bf2 Bh4 14. Bxh4 
Nxh4 15. Qf2 Qg5 16. Kh1 Rf6 17. Rg1 Be6 18. Ne2 h5 19. g3 fxg3 20. Rxg3 
Qh6 21. Rag1 Ng6 22. Qg2 Kh7 23. a3 Raf8 24. c3 R8f7 25. d4 cxd4 26. cxd4 
Bc4 27. dxe5 dxe5 28. Qf2 Qd2 29. R3g2 Bd3 30. Ng3 Qf4 31. Nxh5 Qh6 32. 
Nxf6+ Rxf6 33. Qd2 Qxd2 34. Rxd2 Nf4 35. Ng4 Re6 36. Kh2 c5 37. Nf2 Be2 
38. Ng4 Bxf3 39. Rf1 Bxg4 40. hxg4 Rh6+ 41. Kg3 Rh3+ 42. Kf2 Rh4 43. Ke3 
Rxg4 44. Rh1+ Kg6 45. Rd6+ Kf7 46. Rd7+ Ke6 47. Rxa7 Rg2 48. Kf3 Rxb2 49. 
Ra6+ Kf7 50. Ra7+ Ke6 51. Rg1 Rb3+ 52. Kg4 g6 53. Ra6+ Kd7 54. Rd1+ Kc7 
55. Rf6 Rxa3 56. Rf7+ Kb6 57. Rd6+ Kb5 58. Rb7+ Kc4 59. Rd1 Re3 60. Rc1+ 
Kd4 61. Rd7+ Kxe4 62. Rxc5 Rd3 63. Rxd3 Nxd3 64. Rc4+ Kd5 65. Rc2 e4 66. 
Kg3 Kd4 67. Rc6 Ne5 68. Rd6+ Kc5 69. Re6 Kd5 70. Re8 g5 71. Kf2 Nd3+ 72. 
Ke3 Ne1 73. Rg8 Nf3 74. Rd8+ Ke5 75. Re8+ Kf5 76. Rxe4 Nh2 77. Re8 Ng4+ 
78. Kf3 Ne5+ 79. Kg3 g4 80. Rf8+ Kg5 81. Rg8+ Kf5 82. Ra8 Kf6 83. Ra6+ Kg5
84. Ra5 Kf5 85. Ra8 Kg5 86. Re8 Kf5 87. Rf8+ Kg5 88. Rf4 Kg6 89. Re4 Kf5 
90. Ra4 Kg5 1/2-1/2

[Event "European Cities & Towns Chess Championship - Youth"]
[Site "Central Europe"]
[Date "2023.01.29"]
[Round "9.2.2"]
[White "Leu, Dragos Stefan"]
[Black "Marinidis, Stavros"]
[Result "1/2-1/2"]
[WhiteElo "1810"]
[BlackElo "1378"]
[BlackCountry "GR"]
[BlackFideId "42104904"]
[BlackTeam "Thessaloniki"]
[WhiteCountry "RO"]
[WhiteFideId "1292730"]
[WhiteTeam "CSM Galati"]

1. d4 d5 2. Bf4 Nf6 3. e3 e6 4. Nd2 Be7 5. Bd3 Nbd7 6. Ngf3 c5 7. c3 b6 8.
 Ne5 Bb7 9. Qf3 h6 10. O-O O-O 11. Qh3 Ne4 12. Nxe4 dxe4 13. Bc4 Nf6 14. 
Rad1 Nd5 15. dxc5 Bxc5 16. Bxh6 gxh6 17. Qxh6 Qf6 18. Qh5 Rad8 19. Ng4 Qg6
20. Qxg6+ fxg6 21. a4 Kg7 22. a5 bxa5 23. Ra1 Bb6 24. Rfd1 Rf5 25. Rd2 
Rdf8 26. Rad1 Bc6 27. Bb3 Nf6 28. Rd6 Bd5 29. Nxf6 Bxb3 30. Nd7 Bxd1 31. 
Nxf8 Rxf8 32. Rxd1 Kf6 33. Kf1 Ke5 34. Ke2 Rh8 35. h3 Bc5 36. Ra1 Rb8 37. 
Rxa5 Rxb2+ 38. Ke1 Kd5 39. Ra4 Rc2 40. Ra1 Rxc3 41. Rd1+ Ke5 42. Ke2 Rc2+ 
43. Kf1 a5 44. Ra1 Bb4 45. f3 exf3 46. gxf3 Rh2 47. Rd1 Rh1+ 48. Ke2 Rxh3 
49. Rc1 Rh2+ 50. Kd3 Kd5 51. e4+ Ke5 52. Rc6 Rd2+ 53. Ke3 Rd6 54. f4+ Kf6 
55. e5+ Ke7 56. exd6+ Bxd6 57. Ra6 Bb4 58. Ke4 Kf6 59. Rc6 Bd2 60. Rc4 Be1
61. Rc2 g5 62. fxg5+ Kxg5 63. Ke5 Bb4 64. Rg2+ Kh6 65. Kxe6 Bc3 66. Kf5 
Bd4 67. Ra2 Bc3 68. Ra4 Bb4 69. Ra2 Kg7 70. Ke6 Kg6 71. Rg2+ Kh6 72. Rg3 
Be1 73. Rg1 Bc3 74. Rg3 Be1 75. Rg2 Bb4 76. Rh2+ Kg5 77. Ra2 Kf4 78. Kd5 
Ke3 79. Kc4 Ke4 80. Kb5 Kd4 81. Rxa5 Bxa5 1/2-1/2

[Event "European Cities & Towns Chess Championship - Youth"]
[Site "Central Europe"]
[Date "2023.01.29"]
[Round "9.2.3"]
[White "Misios, Konstantinos"]
[Black "Mohonea, Alexandru"]
[Result "0-1"]
[WhiteElo "1357"]
[BlackElo "1329"]
[BlackCountry "RO"]
[BlackFideId "42205077"]
[BlackTeam "CSM Galati"]
[WhiteCountry "GR"]
[WhiteFideId "42122406"]
[WhiteTeam "Thessaloniki"]

1. e4 c5 2. c4 e6 3. Nc3 a6 4. g3 Qc7 5. Bg2 Nc6 6. Nge2 Nf6 7. O-O Be7 8.
 d3 O-O 9. Bf4 Qd8 10. Qd2 d6 11. a3 Nd4 12. Nxd4 cxd4 13. Ne2 e5 14. Bg5 
h6 15. Bxf6 Bxf6 16. f4 Bd7 17. b4 b5 18. fxe5 Bxe5 19. Nf4 bxc4 20. dxc4 
Qb6 21. Nd5 Qa7 22. Kh1 Be6 23. Rac1 Rac8 24. Qe2 Bxd5 25. exd5 Rfe8 26. 
Qc2 a5 27. Bh3 Rc7 28. Qa4 Ree7 29. b5 Qb6 30. Rb1 Rc5 31. Qc2 Rec7 32. 
Qf5 Rxc4 33. Rbe1 Qb7 34. Qf3 Qxb5 35. Be6 Qb7 36. Bxf7+ Rxf7 37. Qg4 
Rxf1+ 38. Rxf1 Qxd5+ 39. Kg1 d3 40. Qh5 Bd4+ 41. Rf2 0-1

[Event "European Cities & Towns Chess Championship - Youth"]
[Site "Central Europe"]
[Date "2023.01.29"]
[Round "9.2.4"]
[White "George, Cernencu"]
[Black "Spagkakas, Konstantinos"]
[Result "0-1"]
[WhiteElo "1000"]
[BlackElo "1251"]
[BlackCountry "GR"]
[BlackFideId "25876384"]
[BlackTeam "Thessaloniki"]
[WhiteTeam "CSM Galati"]

1. e4 c5 2. Nc3 e6 3. f4 g6 4. Nf3 Bg7 5. d4 cxd4 6. Nxd4 Nc6 7. Nxc6 bxc6
8. Bd2 Ne7 9. Bd3 Rb8 10. Rb1 O-O 11. O-O d5 12. exd5 cxd5 13. Qc1 Re8 14.
 Nb5 a6 15. Nc3 Bd7 16. Bxa6 Qb6+ 17. Be3 Qxa6 18. a3 d4 19. Qd1 Bc6 20. 
Bxd4 Red8 21. Ne2 Nf5 22. c3 Bb5 23. Re1 Bxe2 24. Rxe2 Nxd4 25. cxd4 Bxd4+
26. Kh1 Bxb2 27. Rd2 Rxd2 28. Qxd2 Qxa3 29. h3 Rb3 30. Rxb2 Qxb2 31. Qd8+ 
Kg7 32. Qg5 Qf6 33. Qg4 Rb4 34. Qd1 Rxf4 35. Kh2 Qe5 36. Kg1 Qd4+ 37. 
Qxd4+ Rxd4 38. Kf2 f5 39. Kf3 Kf6 40. Ke3 e5 41. g3 g5 42. Ke2 f4 43. g4 
e4 44. Kf2 Ke5 45. Ke2 e3 46. Kf3 Rd2 47. h4 Rf2# 0-1

[Event "European Cities & Towns Chess Championship - Youth"]
[Site "Central Europe"]
[Date "2023.01.29"]
[Round "9.3.1"]
[White "Gromosiak, Antonii"]
[Black "Dodoi, Matei-Teodor"]
[Result "0-1"]
[WhiteElo "1735"]
[BlackElo "1745"]
[BlackCountry "RO"]
[BlackFideId "1278029"]
[BlackTeam "Ia?i - Region"]
[WhiteCountry "UA"]
[WhiteFideId "34121366"]
[WhiteTeam "Kyiv region"]

1. e4 c5 2. Nf3 d6 3. d4 cxd4 4. Nxd4 Nf6 5. Nc3 a6 6. a4 e5 7. Nb3 Be6 8.
 Bg5 Be7 9. Bxf6 Bxf6 10. Be2 O-O 11. O-O Nc6 12. Nd5 Bxd5 13. Qxd5 Qc7 
14. c3 Rac8 15. Rfd1 Be7 16. Nd2 Rfd8 17. a5 Bf8 18. Nc4 Ne7 19. Qd3 d5 
20. Nb6 dxe4 21. Qxe4 Rb8 22. Bc4 Ng6 23. g3 Bc5 24. Nd5 Qc6 25. h4 h5 26.
 b4 Ba7 27. Bb3 Kh7 28. Qc2 Rd6 29. Ne7 Rxd1+ 30. Rxd1 Qf6 31. Nxg6 fxg6 
32. Re1 Rf8 33. Re2 Qf3 34. Qe4 Qxg3+ 35. Kf1 Rxf2+ 36. Ke1 Rf4+ 37. Kd2 
Rxe4 38. Rxe4 Qg2+ 39. Re2 Qg3 40. Bd5 Qf4+ 41. Kc2 Qf5+ 42. Be4 Qf4 43. 
Kd3 Qg3+ 44. Kc2 Qxh4 45. Bd3 Qf4 46. Rg2 e4 47. Be2 h4 48. Rg4 Qf2 49. 
Kd1 e3 50. Re4 h3 51. Rg4 h2 0-1